Best-Selling Albums in the UK - Statistics

General Stats
  • This quiz has been taken 25 times
  • The average score is 39 of 60
Answer Stats
Units Sold Album Name Release Date Artist % Correct
5.4 million+ Sgt. Pepper's Lonely Hearts Club Band June 1967 The Beatles
100%
3.9 million+ 1 November 2000 The Beatles
100%
5.7 million+ 21 January 2011 Adele
96%
3.9 million+ 25 November 2015 Adele
96%
5.1 million+ Rumours February 1977 Fleetwood Mac
96%
2.7 million+ Tango in the Night April 1987 Fleetwood Mac
96%
4.5 million+ Thriller November 1982 Michael Jackson
96%
4.2 million+ Bad August 1987 Michael Jackson
96%
3.0 million+ Number Ones November 2003 Michael Jackson
96%
5.4 million+ (What's the Story) Morning Glory? October 1995 Oasis
96%
3.0 million+ Definitely Maybe August 1994 Oasis
96%
2.7 million+ Graceland August 1986 Paul Simon
91%
4.8 million+ The Dark Side of the Moon March 1973 Pink Floyd
91%
3.0 million+ Spice November 1996 Spice Girls
91%
4.5 million+ Back to Black October 2006 Amy Winehouse
87%
4.5 million+ ÷ March 2017 Ed Sheeran
87%
3.9 million+ x June 2014 Ed Sheeran
87%
2.7 million+ =+ September 2011 Ed Sheeran
87%
3.3 million+ Bridge over Troubled Water January 1970 Simon & Garfunkel
87%
2.7 million+ The Very Best of E____ J___ October 1990 Elton John
83%
3.3 million+ Curtain Call: The Hits December 2005 Eminem
83%
2.7 million+ The Marshall Mathers LP May 2000 Eminem
83%
3.6 million+ Bat Out of Hell October 1977 Meat Loaf
83%
2.7 million+ Nevermind September 1991 Nirvana
83%
7.5 million+ Greatest Hits October 1981 Queen
83%
3.9 million+ Greatest Hits II October 1991 Queen
83%
3.0 million+ The Joshua Tree March 1987 U2
83%
3.0 million+ A Rush of Blood to the Head August 2002 Coldplay
78%
2.7 million+ Parachutes July 2000 Coldplay
78%
2.7 million+ X&Y June 2005 Coldplay
78%
4.5 million+ Brothers in Arms May 1985 Dire Straits
78%
3.0 million+ Jagged Little Pill June 1995 Alanis Morissette
74%
3.9 million+ The Immaculate Collection November 1990 Madonna
74%
6.6 million+ Gold: Greatest Hits September 1992 ABBA
70%
2.7 million+ Ladies & Gentlemen: The Best of G____ M______ November 1998 George Michael
65%
2.7 million+ Tubular Bells May 1973 Mike Oldfield
57%
3.3 million+ Urban Hymns September 1997 The Verve
57%
4.5 million+ Legend May 1984 Bob Marley and the Wailers
52%
2.7 million+ …But Seriously November 1989 Phil Collins
52%
3.6 million+ The Fame January 2009 Lady Gaga
48%
2.7 million+ Come Away with Me February 2002 Norah Jones
48%
3.0 million+ I've Been Expecting You October 1998 Robbie Williams
48%
3.0 million+ No Angel October 2000 Dido
43%
2.7 million+ Life for Rent September 2003 Dido
43%
3.3 million+ Back to Bedlam November 2004 James Blunt
43%
3.6 million+ Come On Over November 1997 Shania Twain
39%
3.6 million+ Stars September 1991 Simply Red
39%
2.7 million+ Beautiful World November 2006 Take That
30%
2.7 million+ Talk on Corners October 1997 The Corrs
30%
3.0 million+ White Ladder November 1997 David Gray
26%
2.7 million+ J___ W_____ Musical Version of The War of the Worlds June 1978 Jeff Wayne
26%
2.7 million+ Hopes and Fears May 2004 Keane
26%
3.3 million+ Christmas November 2011 Michael Bublé
22%
3.0 million+ Crazy Love October 2009 Michael Bublé
22%
3.0 million+ In the Lonely Hour June 2014 Sam Smith
22%
2.7 million+ The Man Who May 1999 Travis
22%
3.0 million+ Only by the Night September 2008 Kings of Leon
17%
3.0 million+ Spirit November 2007 Leona Lewis
13%
2.7 million+ S_____ S____ February 2004 Scissor Sisters
9%
2.7 million+ T____ C________ May 1988 Tracy Chapman
4%
No matching quizzes found
Score Distribution
Percent of People with Each Score
Percentile by Number Answered
Your Score History
You have not taken this quiz